| 000 | 00567nam a2200181 a 4500 | ||
|---|---|---|---|
| 001 | 000037447 | ||
| 005 | 20200930080357.0 | ||
| 008 | 120418s2011 sp a 000 p spa d | ||
| 040 |
_aDO-SdBNP _bspa _cBNPHU |
||
| 082 |
_axxx _bxxx |
||
| 100 | 1 |
_aMoyano, Ana _963900 |
|
| 245 | 1 | 0 |
_aGotas de luz / _cAna Moyano. |
| 260 |
_a[Madrid] : _bGrupo Literario Guadiana, _c[2011]. |
||
| 300 |
_a35 p. : _bil. ; _c24 cm. |
||
| 490 | 1 |
_aBibliográfica _v25 |
|
| 500 | _aIncluye datos biográficos del autor en la solapa de la contracubierta. | ||
| 830 | 0 |
_aBibliográfica _n25 _963901 |
|
| 999 |
_c36937 _d36937 |
||